000 00432nam a2200157Ia 4500
008 240729s9999 xx 000 0 und d
022 _a2406-0747
245 0 _aGeološki Anali Balkanskoga Poluostrva
260 _aSerbia
260 _bFaculty of Mining and Geology, Belgrade
650 _a Geology
650 _aScience
856 _uhttps://doaj.org/toc/1b9362869be54f059bcc979fc9ca1ad6
942 _2ddc
942 _cDOAJEJ
999 _c66530
_d66530
945 _a1
_bMadushi Gamage
_c1
_dMadushi Gamage